000 00628nam a2200193 i 4500
001 58032
003 ES-MaACL
005 20230906163718.0
007 t|
008 031020s1978 sp ||||1| spa d
100 1 _aDunlop, John T.
_946050
245 1 0 _aSistemas de relaciones industriales /
_cJohn T. Dunlop ; prólogo a la edición castellana de Jordi Estivill ; [traducción de Amadeo Monrabá].
250 _a[1ªed.].
260 _a[Barcelona] :
_bPenínsula,
_c[1978]
300 _a359 p. ;
_c20 cm.
700 1 _aEstivill, Jordi.
_948181
700 1 _aMonrabá, Amadeo.
_982263
852 _aES-MaACL
_jA-8909
_bR.97935
999 _c58032
_d58032